| 000 | 00627nam a2200193Ia 4500 | ||
|---|---|---|---|
| 005 | 20250923144615.0 | ||
| 008 | 008 250917s9999 xx 000 0 eng d | ||
| 037 | _aTextual | ||
| 040 |
_aDSWL _beng _cDSWL |
||
| 041 |
_aeng _2eng |
||
| 084 |
_aYX,z1;6-R2-816.3'N51t, N53 _qDSWL |
||
| 245 | 0 |
_aReport of the committee on discharged prisoners aid societies _cby Her Majesty's Stationary Office |
|
| 260 |
_aLondon _bHer Majesty's Stationery Office _c1953 |
||
| 300 | _aiv,49p. | ||
| 365 |
_aINR _b1.40 |
||
| 925 | _g1.40 | ||
| 942 |
_cTEXL _hYX,z1;6-R2-816.3'N51t, N53 |
||
| 999 |
_c1441102 _d1441102 |
||